000 00928nam a22002777a 4500
003 DO-SdBNP
005 20180216143034.0
008 160718 1988 sp a spa d
020 _a8434818442
040 _aBPMSU
_bspa
_cBPMSU
082 0 4 _axxxxxx
_bxxxxxx
100 1 _aCañizo, José Antonio del
245 1 3 _aEl pintor de recuerdos /
_cJosé Antonio del Cañizo ; ilustraciones Jesús Gabán
250 _a3a. ed.
260 _aMadrid :
_bSM,
_c1988.
300 _a[24] p. :
_bil. ;
_c30 cm.
490 0 _aCuentos de la torre y la estrella
_v21
586 _aPremio Lazarillo, 1981.
586 _aPremio Nacional, 1984.
586 _aPremio del Ministerio de Cultura al libro infantil mejor editado, 1986. Modalidad impresión.
700 1 2 _aGabán, Jesús
_eil.
830 0 _aCuentos de la torre y la estrella
_n21
942 _2ddc
_cBK
945 _aInventariado, 2018 / BT
956 _2YLOCKWARD
_310
_8BPMSU
_a00144
999 _c12503
_d12503